Simulácia náhodného vývoja ceny akcie pomocou programov SPSS a MS Excel

Skúmanie vývoja a modelovanie hodnoty opčných derivátov. Ilustrácia na príklade akcie firmy Microsoft Corp. (MSFT) simuláciou náhodného vývoja ceny akcie na obdobie jedného roku. Simulácia bola uskutočnená metódou Monte Carlo pre tri rôzne scenáre variantne so softvérovými produktami SPSS a MS Excel...

ver descrição completa

Na minha lista:
Detalhes bibliográficos
Autor principal: Úradníček, Vladimír
Formato: Capítulo de Livro
Idioma:eslovaco
Assuntos:
Tags: Adicionar Tag
Sem tags, seja o primeiro a adicionar uma tag!

MARC

LEADER 00000naa$a2200000$$$4500
001 0051699
005 20220505123724.4
041 0 |a slo 
044 |a SK 
245 1 0 |a Simulácia náhodného vývoja ceny akcie pomocou programov SPSS a MS Excel  |c Vladimír Úradníček 
520 |a Skúmanie vývoja a modelovanie hodnoty opčných derivátov. Ilustrácia na príklade akcie firmy Microsoft Corp. (MSFT) simuláciou náhodného vývoja ceny akcie na obdobie jedného roku. Simulácia bola uskutočnená metódou Monte Carlo pre tri rôzne scenáre variantne so softvérovými produktami SPSS a MS Excel. 
610 2 0 |a softvér 
610 2 0 |a simulácia stochastická 
610 2 0 |a vývoj cenový 
610 2 0 |a metóda Monte Carlo 
610 2 0 |a deriváty 
610 2 0 |a opcie 
610 2 0 |a aktíva 
610 2 0 |a modelovanie ekonometrické 
100 1 |a Úradníček, Vladimír